[Event "GER-chT9 LI-01 Br02 email"]
[Site "GER email"]
[Date "2011.10.16"]
[Round "?"]
[White "Bissmann, Stefan"]
[Black "Bucker, Jurgen"]
[Result "1/2-1/2"]
[WhiteElo "2229"]
[BlackElo "2354"]
[PlyCount "75"]
[EventDate "2011.10.23"]
[EventType "tourn (corr)"]
[EventRounds "9"]
[EventCountry "GER"]
[SourceTitle "Corr 2015"]
[Source "ChessBase"]
[SourceDate "2015.07.17"]
[SourceVersion "1"]
[SourceVersionDate "2015.07.17"]
[SourceQuality "1"]

1. e4 e5 2. Nf3 Nc6 3. d4 exd4 4. Nxd4 Bc5 5. Be3 Qf6 6. c3 Nge7 7. Bc4 Ne5 8. Be2 Qg6 9. 0-0 d6 10. f3 0-0 11. Nd2 d5 12. Kh1 Bb6 13. Bf4 Qf6 14. Bg3 Re8 15. a4 a5 16. Re1 Bd7 17. exd5 Nxd5 18. Qb3 c6 19. Ne4 Qe7 20. Bf1 h5 21. Rad1 h4 22. Bf2 Bc7 23. c4 Nb4 24. c5 b6 25. Nb5 cxb5 26. cxb6 Be6 27. Qc3 Bxb6 28. Bxb6 Nd7 29. Bf2 Rec8 30. Qa3 bxa4 31. h3 Nf8 32. Qxa4 Ng6 33. Rd2 Nd5 34. Red1 Ndf4 35. Bb5 Qb4 36. Nc5 Qxa4 37. Bxa4 Rab8 38. b3 1/2-1/2

[Event "GER-chT9 LI-01 Br02 email"]
[Site "GER email"]
[Date "2011.10.16"]
[Round "?"]
[White "Bucker, Jurgen"]
[Black "Schwetlick, Thomas"]
[Result "1/2-1/2"]
[WhiteElo "2354"]
[BlackElo "2232"]
[PlyCount "73"]
[EventDate "2011.10.23"]
[EventType "tourn (corr)"]
[EventRounds "9"]
[EventCountry "GER"]
[SourceTitle "Corr 2015"]
[Source "ChessBase"]
[SourceDate "2015.07.17"]
[SourceVersion "1"]
[SourceVersionDate "2015.07.17"]
[SourceQuality "1"]

1. d4 Nf6 2. c4 g6 3. Nc3 Bg7 4. e4 d6 5. f3 0-0 6. Be3 c5 7. Nge2 Nc6 8. d5 Ne5 9. Ng3 e6 10. Be2 exd5 11. cxd5 a6 12. a4 Bd7 13. h3 b5 14. 0-0 Nc4 15. Bxc4 bxc4 16. Qe2 Rb8 17. e5 Ne8 18. f4 dxe5 19. Bxc5 exf4 20. Bxf8 Bxf8 21. Rxf4 Bc5+ 22. Kf1 Ba7 23. Nge4 Qb6 24. Qf2 Qxb2 25. Qxb2 Rxb2 26. Ra2 Rb4 27. Re2 Bd4 28. Na2 Rb1+ 29. Re1 Rxe1+ 30. Kxe1 Be5 31. Rf1 Bxa4 32. Kd2 f5 33. Nac3 Bb5 34. Re1 Nc7 35. d6 fxe4 36. dxc7 Bxc7 37. Rxe4 1/2-1/2